La reforma a la justicia electoral en México : Reunión Nacional de Juzgadores Electorales /
Compilación de la Reunión Nacional de Juzgadores, efectuada en Villahermosa, Tabasco, en septiembre de 2007 y organizada en las siguientes mesas de trabajo: 1) El control de la constitucionalidad y de la legalidad en la vida interna de los partidos políticos, 2) La independencia judicial en materia...
Збережено в:
| Співавтор: | |
|---|---|
| Формат: | Матеріали конференцій Книга |
| Мова: | Іспанська |
| Опубліковано: |
México :
Tribunal Electoral del Poder Judicial de la Federación,
2008, c2008
|
| Предмети: | |
| Теги: |
Немає тегів, Будьте першим, хто поставить тег для цього запису!
|
MARC
| LEADER | 00000nam^a2200000^a^4500 | ||
|---|---|---|---|
| 001 | 000318681 | ||
| 005 | 20250620000000.0 | ||
| 009 | 20260310113419.832 | ||
| 020 | |a 978-607-7599-04-3 | ||
| 025 | |a Donación María del Mar Enríquez Domínguez, 1 ejemplar | ||
| 037 | |a Acervo ITESO - Biblioteca | ||
| 041 | |a ESP | ||
| 082 | |a 342. 7207 |b REU 2007 | ||
| 111 | |a Reunión Nacional de Juzgadores Electorales ( |d 2007 : |c Villahermosa, México) | ||
| 245 | 1 | 3 | |a La reforma a la justicia electoral en México : |b Reunión Nacional de Juzgadores Electorales / |c Reunión Nacional de Juzgadores Electorales. |
| 264 | 4 | |a México : |b Tribunal Electoral del Poder Judicial de la Federación, |c 2008, c2008 | |
| 300 | |a 623 p. | ||
| 336 | |a texto |b txt |2 rdacontenido | ||
| 337 | |a sin mediación |b n |2 rdamedio | ||
| 338 | |a volumen |b nc |2 rdasoporte | ||
| 520 | |a Compilación de la Reunión Nacional de Juzgadores, efectuada en Villahermosa, Tabasco, en septiembre de 2007 y organizada en las siguientes mesas de trabajo: 1) El control de la constitucionalidad y de la legalidad en la vida interna de los partidos políticos, 2) La independencia judicial en materia electoral, 3) La justicia electoral en las entidades federativas, 4) Control de la constitucionalidad en materia electoral, 5) Distribución de competencias en el Tribunal Electoral y facultades de atracción y delegación, 6) Protección de los derechos políticos, 7) Sistema de nulidades en las elecciones, 8) La reforma a la justicia electoral vista por los partidos políticos, 9) Derecho administrativo sancionador electoral y 10) Jurisprudencia electoral. | ||
| 649 | |a XX | ||
| 650 | |a Tribunales Electorales - |z México | ||
| 650 | |a Partidos Políticos - |z México - |x Condiciones Jurídicas | ||
| 650 | |a Control Constitucional - |z México | ||
| 650 | |a Jurisprudencia - |z México | ||
| 650 | |a Reforma Jurídica - |z México | ||
| 650 | |a Derecho Procesal Electoral - |z México - |x Congresos - |x Tema Principal | ||
| 650 | |a Derecho Procesal Constitucional - |z México | ||
| 650 | |a Derecho Electoral - |z México | ||
| 650 | |a Derecho Político - |z México | ||
| 650 | |a Derecho Constitucional - |z México | ||
| 650 | |a Derecho Administrativo - |z México | ||
| 650 | |a Derecho Público - |z México | ||
| 910 | |a Fondo General | ||
| 920 | |a Impresos - Libros | ||
| 930 | |a Colección General | ||
| 905 | |a 101 | ||
| 901 | |a 0500205618 |b IT1 |c ACC |d DT |i D |u 20250620 | ||
| 902 | |a https://opac.biblio.iteso.mx/vufind/Record/000318681 | ||